World energy supplies 1969-1972
Zapisane w:
| Format: | Książka |
|---|---|
| Język: | Undetermined |
| Wydane: |
New York
United Nations
1974
|
| Hasła przedmiotowe: | |
| Etykiety: |
Dodaj etykietę
Nie ma etykietki, Dołącz pierwszą etykiete!
|
| Thư viện lưu trữ: | Trung tâm Học liệu Trường Đại học Cần Thơ |
|---|
| LEADER | 00502nam a2200181Ia 4500 | ||
|---|---|---|---|
| 001 | CTU_80855 | ||
| 008 | 210402s9999 xx 000 0 und d | ||
| 082 | |a 333.79 | ||
| 082 | |b W927 | ||
| 245 | 0 | |a World energy supplies 1969-1972 | |
| 245 | 0 | |c Department Of Economic And Social Affairs | |
| 260 | |a New York | ||
| 260 | |b United Nations | ||
| 260 | |c 1974 | ||
| 650 | |a Energy industries | ||
| 650 | |x Statistics | ||
| 904 | |i Trọng Hải | ||
| 980 | |a Trung tâm Học liệu Trường Đại học Cần Thơ | ||